Science Quiz

Random Science or Anatomy Quiz

The Human Body Quiz Stats

 Plays Quiz not verified by Sporcle

Also try: Sleepy Creatures
Challenge
Share
Tweet
Embed
Score 0/20 Timer 05:00
0 Plays Today
% Correct
Two
93.6%
Nostrils
92.9%
Taste Buds
92.2%
Bones
90.7%
Circulation
90.2%
Ribs
90.1%
Iris
89.4%
Bone marrow
89.3%
Balanced
89%
Quadriceps
88.9%
% Correct
Esophagus
88.6%
Vertebrae
88.3%
Cerebrum
86.5%
Ventricles
86.3%
Skin
86.3%
Double Helix
85.8%
Larynx
84.6%
Keratin
80.9%
Epidermis
79.6%
Melanin
78.3%

You're not logged in!

Compare scores with friends on all Sporcle quizzes.
Join for Free
OR
Log In

You Might Also Like...

Show Comments

Extras

Top Quizzes Today


Score Distribution

Your Account Isn't Verified!

In order to create a playlist on Sporcle, you need to verify the email address you used during registration. Go to your Sporcle Settings to finish the process.

Report this User

Report this user for behavior that violates our Community Guidelines.

Details: